RHODODENDRONS of Sabah

Bibliographic Details
Other Authors: Argent
Format: Book
Published: Kota Kinabalu, Sabah : Sabah Parks Trustees , 1988
Series:Sabah Parks publication; no. 8
Subjects:

MARC

LEADER 00000cam a2200000 7i4500
001 0000001953
005 20020715.0
090 0 0 |a R583.620959521   |b RHO 1988 
245 0 0 |a RHODODENDRONS of Sabah   |c by G. Argent ... [et al.] 
260 0 0 |a Kota Kinabalu, Sabah :   |b Sabah Parks Trustees ,   |c 1988 
300 |a iv, 145 p. :   |b ill., photos. (some col.) ;   |c 20 cm. 
440 0 0 |a Sabah Parks publication; no. 8 
650 0 0 |a Rhododendrons   |z Sabah   |x Varieties 
700 0 1 |a Argent   |h G. 
998 |a JPSM 
999 |a 0000003283   |b Monograph   |c Reference   |e Default branch